| 000 | 00548nam a2200205 4500 | ||
|---|---|---|---|
| 003 | SEACOMEC | ||
| 005 | 20240403144631.0 | ||
| 008 | 231005b |||||||| |||| 00| 0 eng d | ||
| 020 | _cRs. 160.00 | ||
| 040 | _aSEACOMEC | ||
| 082 |
_a620.1 _bPr895 |
||
| 100 | 1 | _aPrabhu, T. J. | |
| 245 | 1 |
_aBasic Mechanical Engineering _cT.J. Prabhu, S. Jebaraj and V. Jaiganesh |
|
| 260 |
_aChennai _bScitech _c2001 |
||
| 650 | _aEngineering | ||
| 650 | _aEngineering mechanics and materials | ||
| 700 | 1 | _aJebaraj, S. | |
| 700 | 1 | _aJaiganesh, V. | |
| 942 | _cBOOK | ||
| 999 |
_c88 _d88 |
||